000
00289nam a22001457a 4500
003
SGT
082
_a
612
_b
H85C
100
_a
CHATTERJEE,C.C
245
_a
HUMAN PHYSIOLOGY
250
_a
11TH
260
_a
DELHI
_b
CBS PUB
_c
1985
300
_a
I-13
650
_a
PHYSIOLOGY
942
_2
ddc
_c
BK
999
_c
8515
_d
8515